Természet, környezet, ember

Elmentve itt :
Bibliográfiai részletek
Szerző: Tandi Lajos
Dokumentumtípus: Cikk
Megjelent: 1984-03-31
Sorozat:Délmagyarország 74 No. 77
Kulcsszavak:Csongrád megye, Természetvédelem Csongrád megye, Környezetvédelem Csongrád megye
Online Access:http://dmarchiv.bibl.u-szeged.hu/86286
LEADER 00515nab a2200157 i 4500
001 delm86286
005 20190905140126.0
008 190905s1984 hu o 0|| hun d
040 |a SZTE Délmagyarország Archívum  |b hun 
041 |a hun 
100 1 |a Tandi Lajos 
245 1 0 |a Természet, környezet, ember  |h [elektronikus dokumentum] /  |c  Tandi Lajos 
260 |c 1984-03-31 
300 |a 6 
490 0 |a Délmagyarország  |v 74 No. 77 
695 |a Csongrád megye, Természetvédelem Csongrád megye, Környezetvédelem Csongrád megye